One piece 50 plus puissants - Statistiques

Statistiques générales
  • Ce quiz a été pris 6 420 fois
  • Le résultat moyen est 34 sur 50
Statistiques - réponses
Answers % Correct
20 luffy
99%
2 barbe blanche
97%
6 shanks
97%
5 big mom
96%
4 kaido
96%
29 zoro
96%
1 roger
93%
48 sanji
93%
8 akainu
88%
19 garp
88%
7 mihawk
87%
9 aokiji
85%
26 doflamingo
85%
16 kizaru
83%
3 teach
83%
33 ace
82%
23 katakuri
82%
35 law
82%
44 crocodile
81%
34 kid
80%
22 king
79%
10 dragon
78%
21 sabo
78%
25 sengoku
77%
14 marco
75%
11 rayleigh
73%
28 kuma
69%
47 moria
68%
12 oden
67%
17 fujitora
66%
30 hancock
59%
37 jack
56%
40 jinbei
55%
41 cracker
52%
27 ener
50%
43 lucci
49%
38 smoothie
49%
36 magellan
47%
31 joz
44%
13 ben beckmann
43%
39 vista
43%
24 shiki
42%
49 hawkins
40%
50 x-drake
40%
42 ivankov
37%
46 perospero
36%
15 shiliew
32%
18 lucky roo
30%
32 kong
28%
45 weevil
17%
Aucun quiz correspondant
Distribution des résultats
% des personnes avec chaque résultat
Percentile par nombre de réponses
Votre historique - résultats
Vous n’avez pas pris ce quiz